00453cam a22001692 4500001001100000005001700011008004100028020001700069040001500086100003100101245003400132250001300166260003800179300001700217650004600234852000300280000002054120151217155229.0110921s xx 000 0 eng d a0421554606 : aKABUcKABU1 aChilds, Penny.@000018089610aCriminal law /cPenny Childs. a1st ed. aLondon :bSweet & Maxwell,c1996. axiv, 165 p. 0aCriminal law zGreat Britain.@00001603601